<?xml version="1.0" encoding="UTF-8"?>
<record
    xmlns:xsi="http://www.w3.org/2001/XMLSchema-instance"
    xsi:schemaLocation="http://www.loc.gov/MARC21/slim http://www.loc.gov/standards/marcxml/schema/MARC21slim.xsd"
    xmlns="http://www.loc.gov/MARC21/slim">

  <leader>01288nam a22002297a 4500</leader>
  <controlfield tag="005">20250215094138.0</controlfield>
  <controlfield tag="008">250215b           ||||| |||| 00| 0 eng d</controlfield>
  <datafield tag="020" ind1=" " ind2=" ">
    <subfield code="a">9789356403352</subfield>
  </datafield>
  <datafield tag="040" ind1=" " ind2=" ">
    <subfield code="c">AL</subfield>
  </datafield>
  <datafield tag="041" ind1=" " ind2=" ">
    <subfield code="a">eng</subfield>
  </datafield>
  <datafield tag="082" ind1=" " ind2=" ">
    <subfield code="2">23</subfield>
    <subfield code="a">330</subfield>
    <subfield code="b">MULE</subfield>
  </datafield>
  <datafield tag="100" ind1=" " ind2=" ">
    <subfield code="a">Chris Mulhearn</subfield>
    <subfield code="9">199930</subfield>
  </datafield>
  <datafield tag="245" ind1=" " ind2=" ">
    <subfield code="a">Economics for business</subfield>
  </datafield>
  <datafield tag="250" ind1=" " ind2=" ">
    <subfield code="a">4the ed.</subfield>
  </datafield>
  <datafield tag="260" ind1=" " ind2=" ">
    <subfield code="a">New Delhi</subfield>
    <subfield code="b">Bloomsbury</subfield>
    <subfield code="c">2023</subfield>
  </datafield>
  <datafield tag="300" ind1=" " ind2=" ">
    <subfield code="a">xxvii,507p</subfield>
    <subfield code="b">PB</subfield>
    <subfield code="c">26x19cm.</subfield>
  </datafield>
  <datafield tag="365" ind1=" " ind2=" ">
    <subfield code="2">General</subfield>
    <subfield code="a">6383</subfield>
    <subfield code="b">&#x20B9;719.20</subfield>
    <subfield code="c">&#x20B9;</subfield>
    <subfield code="d">&#x20B9;899.00</subfield>
    <subfield code="e">20%</subfield>
    <subfield code="f">6/02/2025</subfield>
  </datafield>
  <datafield tag="520" ind1=" " ind2=" ">
    <subfield code="a">Written specifically for non-specialists, this textbook provides a rigorous and engaging introduction to economics in the context of the business world. Striking the perfect balance between theory and practical application, it draws on interesting real-world examples and case studies &#x2013; from tech companies to football clubs &#x2013; to demonstrate the relevance of key economic concepts and theories to business. Clear and insightful, it is packed with current data and innovative features to bring the subject to life for students. This edition is thoroughly updated to include coverage of topics such as market failure, austerity, international trade and Brexit.
</subfield>
  </datafield>
  <datafield tag="650" ind1=" " ind2=" ">
    <subfield code="2">Economics</subfield>
    <subfield code="a">Economics</subfield>
    <subfield code="9">199931</subfield>
  </datafield>
  <datafield tag="700" ind1=" " ind2=" ">
    <subfield code="a">Vane, Howard R</subfield>
    <subfield code="9">199932</subfield>
  </datafield>
  <datafield tag="942" ind1=" " ind2=" ">
    <subfield code="2">ddc</subfield>
    <subfield code="c">BK</subfield>
  </datafield>
  <datafield tag="999" ind1=" " ind2=" ">
    <subfield code="c">233794</subfield>
    <subfield code="d">233794</subfield>
  </datafield>
  <datafield tag="952" ind1=" " ind2=" ">
    <subfield code="0">0</subfield>
    <subfield code="1">0</subfield>
    <subfield code="2">ddc</subfield>
    <subfield code="4">0</subfield>
    <subfield code="7">0</subfield>
    <subfield code="8">ECO</subfield>
    <subfield code="a">SACPG</subfield>
    <subfield code="b">SACPG</subfield>
    <subfield code="d">2025-02-11</subfield>
    <subfield code="e">Biblios Book Point</subfield>
    <subfield code="g">719.20</subfield>
    <subfield code="l">0</subfield>
    <subfield code="o">330 MULE</subfield>
    <subfield code="p">PG024913</subfield>
    <subfield code="r">2025-02-15 00:00:00</subfield>
    <subfield code="v">899.00</subfield>
    <subfield code="w">2025-02-15</subfield>
    <subfield code="y">BK</subfield>
  </datafield>
</record>
